| 000 | 00530nam a2200157 a 4500 | ||
|---|---|---|---|
| 008 | 120416s1972 ||||||||||||||||| || u | ||
| 050 | _aHF 5356 Ame | ||
| 245 | 1 | 0 | _aBusinessman's information guide |
| 246 | _aA. I. C. P. A. | ||
| 260 |
_aNew York _bA.I.C.P.A _c1972 |
||
| 300 | _a103p. : ill | ||
| 350 | _a0.00 | ||
| 650 | _aBUSINESS INFORMATION | ||
| 650 | 0 | _aBUSINESS | |
| 995 |
_D0.00 _FCBU-MAIN LIBRARY (Kitwe) _H1 _I0.00 _M1 _UAVAILABLE _ZMain Library Open Access Collection |
||
| 999 |
_c36551 _d36551 |
||